| 000 | 00572nam a2200157 i 4500 | ||
|---|---|---|---|
| 001 | bg | ||
| 100 | 1 | _aWÓJCICKA, Maria | |
| 245 | 0 |
_aŚrodowiskowe i pedagogiczne uwarunkowania uczestnictwa studentów uczelni technicznej w kulturze / _cMaria Wójcicka. |
|
| 260 |
_aWrocław : _bWydaw.PW, _c1979. |
||
| 490 | 1 |
_aPrace Naukowe Instytutu Nauk Społecznych Politechniki Wrocławskiej ; _v20 |
|
| 830 | _aPrace Naukowe Instytutu Nauk Społecznych Politechniki Wrocławskiej ; | ||
| 040 | _cBPK | ||
| 041 | _apol | ||
| 942 | _cKS | ||
| 008 | s pl f |000 0 pol | ||
| 999 |
_c18530 _d18530 |
||
| 856 |
_uhttp://koha.tu.koszalin.pl/cgi-bin/koha/opac-detail.pl?biblionumber=18530 _yKatalog online BPK |
||